Regulation of Fixed-Term Employment an Inter Country Perspective (Record no. 511493)

000 -LEADER
fixed length control field 00392nam a22001217a 4500
020 ## - INTERNATIONAL STANDARD BOOK NUMBER
International Standard Book Number 9789382902614
082 ## - DEWEY DECIMAL CLASSIFICATION NUMBER
Classification number R18x54 Up1
100 ## - MAIN ENTRY--PERSONAL NAME
Personal name Upadhyaya, Sanjay
9 (RLIN) 11312
245 ## - TITLE STATEMENT
Title Regulation of Fixed-Term Employment an Inter Country Perspective
260 ## - PUBLICATION, DISTRIBUTION, ETC. (IMPRINT)
Place of publication, distribution, etc Noida
Name of publisher, distributor, etc V.V. Giri National Labour Institute
Date of publication, distribution, etc 2019
300 ## - PHYSICAL DESCRIPTION
Extent 122p.
650 ## - SUBJECT ADDED ENTRY--TOPICAL TERM
Topical term or geographic name as entry element Voluntary employees' beneficiary associations
9 (RLIN) 11526
Holdings
Withdrawn status Lost status Source of classification or shelving scheme Damaged status Koha normalized classification for sorting Not for loan Permanent location Current location Date acquired Full call number Barcode Date last seen Price effective from Koha item type
        R_18X54_UP1   Indian Institute of Public Administration Indian Institute of Public Administration 2019-09-25 R18x54 Up1 GR21816 2019-09-25 2019-09-25 GR

Powered by Koha